Data Base System Concepts (Record no. 3687)

MARC details
000 -LEADER
fixed length control field 00357nam a22001577a 4500
005 - DATE AND TIME OF LATEST TRANSACTION
control field 20160623122138.0
008 - FIXED-LENGTH DATA ELEMENTS--GENERAL INFORMATION
fixed length control field 160623b xxu||||| |||| 00| 0 eng d
020 ## - INTERNATIONAL STANDARD BOOK NUMBER
ISBN 007-124476-X
041 ## - LANGUAGE CODE
Language code of text/sound track or separate title eng
082 ## - DEWEY DECIMAL CLASSIFICATION NUMBER
Item number 9379
245 ## - TITLE STATEMENT
Title Data Base System Concepts
260 ## - PUBLICATION, DISTRIBUTION, ETC. (IMPRINT)
Name of publisher TMH
Year of publication 2006
300 ## - PHYSICAL DESCRIPTION
Number of Pages 1100
650 ## - SUBJECT ADDED ENTRY--TOPICAL TERM
Topical Term information Technology
942 ## - ADDED ENTRY ELEMENTS (KOHA)
Koha item type Books
Holdings
Lost status Damaged status Collection code Home library Current library Shelving location Date acquired Full call number Accession Number Koha item type
    CS/IT JRU Library JRU Library SHELF-55-A 23/06/2016 005.74 9379 Books